000 00305nam a2200109Ia 4500
005 20250603145058.0
008 250603s9999 xx 000 0 und d
050 _aKP 144 .A3/
245 0 _aHigh court of the federal capital territory Abuja (civil procedure rules 2012)
260 _c2004/2012
942 _cBK
999 _c40808
_d40808